Shab Deeda (Record no. 10964)
[ view plain ]
| 000 -LEADER | |
|---|---|
| fixed length control field | 00397 a2200133 4500 |
| 020 ## - INTERNATIONAL STANDARD BOOK NUMBER | |
| International Standard Book Number | 9789693523621 |
| 082 ## - DEWEY DECIMAL CLASSIFICATION NUMBER | |
| Classification number | 891.4393 |
| Author Mark | YAH |
| 100 ## - MAIN ENTRY--PERSONAL NAME | |
| Personal name | Baba, Muhammad Yahya Khan |
| 9 (RLIN) | 24098 |
| 245 ## - TITLE STATEMENT | |
| Title | Shab Deeda |
| Statement of responsibility, etc. | Baba, Muhammad Yahya Khan |
| 260 ## - PUBLICATION, DISTRIBUTION, ETC. | |
| Place of publication, distribution, etc. | Lahore |
| Name of publisher, distributor, etc. | Sang-e-Meel Publications |
| Date of publication, distribution, etc. | 2011 |
| 300 ## - PHYSICAL DESCRIPTION | |
| Extent | 882 p. |
| Dimensions | 25 cm. |
| 650 ## - SUBJECT ADDED ENTRY--TOPICAL TERM | |
| Topical term or geographic name entry element | 1. Urdu Literature-Short Stories |
| 9 (RLIN) | 3597 |
| 942 ## - ADDED ENTRY ELEMENTS (KOHA) | |
| Koha item type | Book |
| Call number prefix | 891.4393 BAB |
| Source of classification or shelving scheme | |
| Withdrawn status | Lost status | Source of classification or shelving scheme | Damaged status | Not for loan | Permanent Location | Current Location | Shelving location | Date acquired | Source of acquisition | Cost, normal purchase price | Total Checkouts | Total Renewals | Full call number | Barcode | Date last seen | Date last checked out | Price effective from | Koha item type |
|---|---|---|---|---|---|---|---|---|---|---|---|---|---|---|---|---|---|---|
| Central Library (CL) | Central Library (CL) | General Stacks | 07/12/2012 | Saeed Book Bank | 1600.00 | 6 | 3 | 891.4393 YAH | SEECS011387 | 04/14/2026 | 10/23/2020 | 01/05/2017 | Book | |||||
| Central Library (CL) | Central Library (CL) | 01/31/2019 | 5 | 4 | 891.4393 YAH | NIT-11418 | 09/14/2023 | 01/25/2022 | 01/31/2019 | Book |
